| 000 | 01134cam a2200337 a 4500 | ||
|---|---|---|---|
| 003 | OSt | ||
| 005 | 20240530110421.0 | ||
| 008 | 071214s2008 enkb b 001 0 eng | ||
| 010 | _a 2007051287 | ||
| 020 | _a9780415772464 (hardback) | ||
| 020 | _a041577246X (hardback) | ||
| 020 | _a9780415772471 (pbk.) | ||
| 020 | _a0415772478 (pbk.) | ||
| 020 | _a9780203895030 (ebook) | ||
| 020 | _a0203895037 (ebook) | ||
| 035 | _a(OCoLC)184906227 | ||
| 035 | _a(OCoLC)ocn184906227 | ||
| 040 |
_aEG-CaGPL _cEG-CaGPL |
||
| 082 | 0 | 4 |
_221 _a303.625\ _bL G |
| 100 | 1 | _aLutz, James M. | |
| 245 | 1 | 0 |
_aGlobal terrorism / _cJames M. Lutz and Brenda J. Lutz. |
| 250 | _a2nd ed. | ||
| 260 |
_aLondon ; _aNew York : _bRoutledge, _c2008. |
||
| 300 |
_axiv, 346 p. : _bmaps ; _c25 cm. |
||
| 504 | _aIncludes bibliographical references (p. 308-335) and index. | ||
| 650 | 0 | _aTerrorism. | |
| 700 | 1 |
_aLutz, Brenda J., _d1957- |
|
| 856 | 4 | 2 |
_3Publisher description _uhttp://www.loc.gov/catdir/enhancements/fy0827/2007051287-d.html |
| 856 | 4 | 1 |
_3Table of contents only _uhttp://www.loc.gov/catdir/toc/ecip086/2007051287.html |
| 942 |
_2ddc _cBK |
||
| 999 |
_c60653 _d60653 |
||